| 000 | 00486nam a2200181Ia 4500 | ||
|---|---|---|---|
| 008 | 220531s9999 xx 000 0 und d | ||
| 041 | _aeng | ||
| 082 |
_a- _bBUS / DES |
||
| 100 |
_aDeshmukh, J. S. and Others _984257 |
||
| 245 | _aBusiness Management | ||
| 250 | _a1ST | ||
| 260 |
_aPune _bSuccess _c2014 |
||
| 300 | _a8.45 | ||
| 542 | _d09-10-2018 | ||
| 650 |
_aBusiness Management _984258 |
||
| 906 |
_cS.Y.B.Com. _d2018-2019 _eElantas beck Co. _f14582 |
||
| 999 |
_c46373 _d46373 |
||